|
|
|
|
| LEADER |
04538nam a22003973i 4500 |
| 001 |
EBC6695201 |
| 003 |
MiAaPQ |
| 005 |
20231204023217.0 |
| 006 |
m o d | |
| 007 |
cr cnu|||||||| |
| 008 |
231204s2014 xx o ||||0 ger d |
| 020 |
|
|
|a 9783839418314
|q (electronic bk.)
|
| 020 |
|
|
|z 9783837618310
|
| 035 |
|
|
|a (MiAaPQ)EBC6695201
|
| 035 |
|
|
|a (Au-PeEL)EBL6695201
|
| 035 |
|
|
|a (OCoLC)885021543
|
| 040 |
|
|
|a MiAaPQ
|b eng
|e rda
|e pn
|c MiAaPQ
|d MiAaPQ
|
| 100 |
1 |
|
|a Brand, Alexander.
|
| 245 |
1 |
0 |
|a Medien - Diskurs - Weltpolitik :
|b Wie Massenmedien die internationale Politik beeinflussen.
|
| 250 |
|
|
|a 1st ed.
|
| 264 |
|
1 |
|a Bielefeld :
|b transcript,
|c 2014.
|
| 264 |
|
4 |
|c ©2012.
|
| 300 |
|
|
|a 1 online resource (531 pages)
|
| 336 |
|
|
|a text
|b txt
|2 rdacontent
|
| 337 |
|
|
|a computer
|b c
|2 rdamedia
|
| 338 |
|
|
|a online resource
|b cr
|2 rdacarrier
|
| 490 |
1 |
|
|a Edition Politik ;
|v v.5
|
| 505 |
0 |
|
|a Intro -- Cover -- Inhalt -- Vorwort zur Buchausgabe und Danksagung -- Einleitung: Erkenntnisinteresse, Forschungsfragen, Anlage der Studie -- I. MASSENMEDIEN UND INTERNATIONALE BEZIEHUNGEN - ÜBERBLICK ÜBER EIN MÖGLICHES FORSCHUNGSFELD -- 1. Massenmedien in den Internationalen Beziehungen - Terra incognita? -- 1.1 Massenmedien und Politik -- 1.2 Massenmedien und internationale Politik… oder doch: Außenpolitik? -- 1.3 Internationale Kommunikation und (internationale) Politik -- 2. Massenmedien in den internationalen Beziehungen: Divergierende Rollenzuschreibungen und Bilder -- 2.1 Medien als Instrumente politischer Akteure -- 2.2 Medien als Vermittler der Realität der internationalen Beziehungen -- 2.3 Medien als Akteure internationaler Politik -- 2.4 Medientechnologien und ihre Wirkungen -- 2.5 Medienstrukturen im internationalen Raum: Nachrichtenflüsse, Amerikanisierung, Medienglobalisierung? -- 2.6 Heterogenität und Widersprüchlichkeit der Rollenzuschreibungen -- 3. Vorüberlegungen zu einem Modell der Erfassung massenmedialer Effekte in den internationalen Beziehungen -- II. EIN ALTERNATIVES MODELL: DIE DISKURSIVE KONSTRUKTION DER INTERNATIONALEN BEZIEHUNGEN IN UND DURCH MASSENMEDIEN -- 4. Konstruktivismen als Theorien der Bedeutungsschaffung -- 5. Die Debatte um den Sozialkonstruktivismus in den Internationalen Beziehungen -- 5.1 Anfänge: Konstruktivismus als Metatheorie -- 5.2 Engführungen oder: Wo bleibt das »Soziale«? -- 5.3 Die Kritik des Sozialkonstruktivismus in den IB -- 6. Sozialer Konstruktivismus als Diskursiver Konstruktivismus -- 6.1 Die Akteurs-Struktur-Problematik: Die Zentralität der Prozessdimension -- 6.2 Diskurse als bedeutungsstiftende Prozesse -- 6.3 Der Diskursive Konstruktivismus nach Thomas Diez -- 6.4 Ein Modell diskursiver Konstruktion -- 6.5 Diskursive Macht -- 7. Massenmedien in einem Modell diskursiver Konstruktion.
|
| 505 |
8 |
|
|a 7.1 Massenmedien als Realitätskonstrukteure? -- 7.2 Diskursiver Konstruktivismus und Postmoderne Medientheorie: Abgrenzungen -- 7.3 Mechanismen und Effekte diskursiver Konstruktion durch Massenmedien -- III. PROZESSE DISKURSIVER KONSTRUKTION IN DEN INTERNATIONALEN BEZIEHUNGEN DURCH MASSENMEDIEN -- Hinführung zu den Fällen -- 8. Massenmedien in gewalthaltigen internationalen Konflikten -- 8.1 Die Kernfrage der Legitimation -- 8.2 Fraternisierung versus Vietnam-Syndrom? Oder: Ist die Frage falsch gestellt? -- 8.3 Die diskursive Transnationalisierung gewalthaltiger Konflikte -- 9. »Mediatisierte« Hegemonie -- 9.1 Amerikanisierung der internationalen Kommunikation? -- 9.2 Der »Kampf ums Weltbild« -- 9.3 Hegemonie als diskursive Vorherrschaft -- 10. Medien und die gesellschaftliche Dimension internationaler Beziehungen: Transnationaler Konsens/Dissens -- 10.1 Die »transatlantische Medienkluft« (trans-atlantic media divide), 2002/03-2008 -- 10.2 Der »Karikaturenstreit« (2005-06) -- 10.3 Die Transnationalität diskursiver Weltpolitik -- Zusammenfassung -- Literaturverzeichnis.
|
| 588 |
|
|
|a Description based on publisher supplied metadata and other sources.
|
| 590 |
|
|
|a Electronic reproduction. Ann Arbor, Michigan : ProQuest Ebook Central, 2023. Available via World Wide Web. Access may be limited to ProQuest Ebook Central affiliated libraries.
|
| 655 |
|
4 |
|a Electronic books.
|
| 776 |
0 |
8 |
|i Print version:
|a Brand, Alexander
|t Medien - Diskurs - Weltpolitik
|d Bielefeld : transcript,c2014
|z 9783837618310
|
| 797 |
2 |
|
|a ProQuest (Firm)
|
| 830 |
|
0 |
|a Edition Politik
|
| 856 |
4 |
0 |
|u https://ebookcentral.proquest.com/lib/matrademy/detail.action?docID=6695201
|z Click to View
|